<?xml version="1.0" encoding="UTF-8"?>
<record
    xmlns:xsi="http://www.w3.org/2001/XMLSchema-instance"
    xsi:schemaLocation="http://www.loc.gov/MARC21/slim http://www.loc.gov/standards/marcxml/schema/MARC21slim.xsd"
    xmlns="http://www.loc.gov/MARC21/slim">

  <leader>01784nam a2200229Ia 4500</leader>
  <controlfield tag="003">SEM</controlfield>
  <datafield tag="999" ind1=" " ind2=" ">
    <subfield code="c">44066</subfield>
    <subfield code="d">44066</subfield>
  </datafield>
  <controlfield tag="005">20220608071008.0</controlfield>
  <controlfield tag="008">141116s9999    xx            000 0 arm d</controlfield>
  <datafield tag="040" ind1=" " ind2=" ">
    <subfield code="a">SEM</subfield>
    <subfield code="c">SEM</subfield>
  </datafield>
  <datafield tag="041" ind1=" " ind2=" ">
    <subfield code="a">arm</subfield>
  </datafield>
  <datafield tag="080" ind1=" " ind2=" ">
    <subfield code="a">34(47.925)(09)/&#x54D;-17</subfield>
  </datafield>
  <datafield tag="100" ind1=" " ind2=" ">
    <subfield code="a">&#x54D;&#x561;&#x574;&#x578;&#x582;&#x565;&#x56C;&#x575;&#x561;&#x576; &#x53D;&#x561;&#x579;&#x56B;&#x56F;</subfield>
  </datafield>
  <datafield tag="245" ind1=" " ind2=" ">
    <subfield code="a">&#x540;&#x56B;&#x576; &#x570;&#x561;&#x575; &#x56B;&#x580;&#x561;&#x57E;&#x578;&#x582;&#x576;&#x584;&#x56B; &#x57A;&#x561;&#x57F;&#x574;&#x578;&#x582;&#x569;&#x575;&#x578;&#x582;&#x576;&#x568;: / </subfield>
    <subfield code="c">&#x53D;. &#x54D;&#x561;&#x574;&#x578;&#x582;&#x565;&#x56C;&#x575;&#x561;&#x576;; &#x54A;&#x561;&#x57F;. &#x56D;&#x574;&#x562;.` &#x54D;. &#x532;&#x578;&#x582;&#x564;&#x578;&#x582;&#x574;&#x575;&#x561;&#x576;; &#x53D;&#x54D;&#x540;&#x544; &#x533;&#x531; &#x570;&#x561;&#x575;&#x56F;&#x561;&#x56F;&#x561;&#x576; &#x586;&#x56B;&#x56C;&#x56B;&#x561;&#x56C; &#x57A;&#x561;&#x57F;&#x574;&#x578;&#x582;&#x569;&#x575;&#x561;&#x576; &#x587; &#x570;&#x576;&#x561;&#x563;&#x56B;&#x57F;&#x578;&#x582;&#x569;&#x575;&#x561;&#x576;</subfield>
  </datafield>
  <datafield tag="246" ind1=" " ind2=" ">
    <subfield code="a">&#x418;&#x441;&#x442;&#x43E;&#x440;&#x438;&#x44F; &#x434;&#x440;&#x435;&#x432;&#x43D;&#x435;&#x433;&#x43E; &#x430;&#x440;&#x43C;&#x44F;&#x43D;&#x441;&#x43A;&#x43E;&#x433;&#x43E; &#x43F;&#x440;&#x430;&#x432;&#x43E;. / </subfield>
  </datafield>
  <datafield tag="260" ind1=" " ind2=" ">
    <subfield code="a">&#x535;&#x580;&#x587;&#x561;&#x576;: </subfield>
    <subfield code="b">&#xAB;&#x531;&#x580;&#x574;&#x586;&#x561;&#x576;&#xBB; &#x570;&#x580;&#x561;&#x57F;.,</subfield>
    <subfield code="c">1939.</subfield>
  </datafield>
  <datafield tag="300" ind1=" " ind2=" ">
    <subfield code="a">&#x540;.;</subfield>
    <subfield code="c">21 &#x57D;&#x574; </subfield>
  </datafield>
  <datafield tag="504" ind1=" " ind2=" ">
    <subfield code="a">&#x540;. 1 - &#x53E;&#x561;&#x576;&#x578;&#x569;&#x578;&#x582;&#x569;&#x575;&#x578;&#x582;&#x576;` &#x567;&#x57B; 325-334; &#x531;&#x572;&#x562;&#x575;.` &#x567;&#x57B; 335-336; &#x533;&#x580;&#x561;&#x56F;.` &#x567;&#x57B; 336-344; &#x531;&#x576;&#x57E;&#x561;&#x576;&#x561;&#x581;&#x561;&#x576;&#x56F;` &#x567;&#x57B; 345-354; &#x420;&#x435;&#x437;&#x44E;&#x43C;&#x435; &#x441;.: 355-363</subfield>
  </datafield>
  <datafield tag="505" ind1=" " ind2=" ">
    <subfield code="a">&#x540;. I - </subfield>
    <subfield code="t">[&#x53B;&#x580;&#x561;&#x57E;&#x578;&#x582;&#x576;&#x584;&#x56B; &#x561;&#x572;&#x562;&#x575;&#x578;&#x582;&#x580;&#x576;&#x565;&#x580;: &#x540;&#x561;&#x575; &#x56B;&#x580;&#x561;&#x57E;&#x578;&#x582;&#x576;&#x584;&#x56B; &#x570;&#x561;&#x574;&#x561;&#x564;&#x580;&#x578;&#x582;&#x569;&#x575;&#x578;&#x582;&#x576;&#x568;: &#x540;&#x561;&#x575; &#x56B;&#x580;&#x561;&#x57E;&#x578;&#x582;&#x576;&#x584;&#x56B; &#x566;&#x561;&#x580;&#x563;&#x561;&#x581;&#x574;&#x561;&#x576; &#x577;&#x580;&#x57B;&#x561;&#x576;&#x576;&#x565;&#x580;&#x568; - &#x546;&#x561;&#x56D;&#x561;&#x580;&#x561;&#x580;&#x561;&#x56F;&#x561;&#x576; &#x56B;&#x580;&#x561;&#x57E;&#x578;&#x582;&#x576;&#x584;: &#x532;&#x561;&#x563;&#x580;&#x561;&#x57F;&#x578;&#x582;&#x576;&#x575;&#x561;&#x581; &#x56F;&#x561;&#x574; &#x531;&#x580;&#x561;&#x562;&#x561;-&#x562;&#x575;&#x578;&#x582;&#x566;&#x561;&#x576;&#x564;&#x561;&#x56F;&#x561;&#x576; &#x577;&#x580;&#x57B;&#x561;&#x576;: &#x539;&#x575;&#x578;&#x582;&#x580;&#x584;-&#x574;&#x578;&#x576;&#x572;&#x578;&#x56C;&#x561;&#x56F;&#x561;&#x576; &#x57F;&#x56B;&#x580;&#x561;&#x57A;&#x565;&#x57F;&#x578;&#x582;&#x569;&#x575;&#x561;&#x576; &#x577;&#x580;&#x57B;&#x561;&#x576;:  &#x54A;&#x565;&#x57F;&#x561;&#x56F;&#x561;&#x576; &#x578;&#x582; &#x57E;&#x561;&#x580;&#x579;&#x561;&#x56F;&#x561;&#x576; &#x56B;&#x580;&#x561;&#x57E;&#x578;&#x582;&#x576;&#x584; - &#x533;&#x565;&#x580;&#x561;&#x563;&#x578;&#x582;&#x575;&#x576; &#x56B;&#x577;&#x56D;&#x561;&#x576;&#x578;&#x582;&#x569;&#x575;&#x578;&#x582;&#x576;: &#x546;&#x561;&#x56D;&#x561;&#x580;&#x561;&#x580;&#x561;&#x56F;&#x561;&#x576; &#x56B;&#x577;&#x56D;&#x561;&#x576;&#x578;&#x582;&#x569;&#x575;&#x578;&#x582;&#x576;: &#x54B;&#x580;&#x561;&#x575;&#x56B;&#x576; &#x56B;&#x580;&#x561;&#x57E;&#x578;&#x582;&#x576;&#x584;: &#x556;&#x565;&#x578;&#x564;&#x561;&#x56C;&#x561;&#x56F;&#x561;&#x576; &#x56E;&#x561;&#x57C;&#x561;&#x575;&#x578;&#x582;&#x569;&#x575;&#x578;&#x582;&#x576;: &#x547;&#x56B;&#x576;&#x561;&#x56F;&#x561;&#x576;&#x578;&#x582;&#x569;&#x575;&#x578;&#x582;&#x576;: &#x54D;&#x57F;&#x580;&#x56F;&#x578;&#x582;&#x569;&#x575;&#x578;&#x582;&#x576;: ]</subfield>
    <subfield code="r">/&#x54A;&#x561;&#x57F;. &#x56D;&#x574;&#x562;.` &#x54D;. &#x532;&#x578;&#x582;&#x564;&#x578;&#x582;&#x574;&#x575;&#x561;&#x576;</subfield>
    <subfield code="g">1939.- XII+363 &#x567;&#x57B;;</subfield>
  </datafield>
  <datafield tag="650" ind1=" " ind2=" ">
    <subfield code="a">&#x53B;&#x580;&#x561;&#x57E;&#x578;&#x582;&#x576;&#x584;</subfield>
    <subfield code="x">&#x57A;&#x561;&#x57F;&#x574;&#x578;&#x582;&#x569;&#x575;&#x578;&#x582;&#x576;</subfield>
    <subfield code="z">&#x540;&#x561;&#x575;&#x561;&#x57D;&#x57F;&#x561;&#x576;</subfield>
  </datafield>
  <datafield tag="700" ind1=" " ind2=" ">
    <subfield code="4">resp. edt.</subfield>
    <subfield code="a">&#x532;&#x578;&#x582;&#x564;&#x578;&#x582;&#x574;&#x575;&#x561;&#x576; &#x54D;.</subfield>
    <subfield code="e">&#x57A;&#x561;&#x57F;. &#x56D;&#x574;&#x562;.</subfield>
  </datafield>
  <datafield tag="942" ind1=" " ind2=" ">
    <subfield code="2">udc</subfield>
    <subfield code="c">BK</subfield>
  </datafield>
  <datafield tag="952" ind1=" " ind2=" ">
    <subfield code="0">0</subfield>
    <subfield code="1">0</subfield>
    <subfield code="2">udc</subfield>
    <subfield code="4">0</subfield>
    <subfield code="7">0</subfield>
    <subfield code="8">&#x533;&#x580;&#x561;&#x57A;&#x561;&#x570;&#x578;&#x581;</subfield>
    <subfield code="a">SEM</subfield>
    <subfield code="b">SEM</subfield>
    <subfield code="d">2014-11-16</subfield>
    <subfield code="g">4000.00</subfield>
    <subfield code="i">1931</subfield>
    <subfield code="l">0</subfield>
    <subfield code="o">34(47.925)(09)/&#x54D;-17</subfield>
    <subfield code="p">1931</subfield>
    <subfield code="r">2014-11-16</subfield>
    <subfield code="w">2014-11-16</subfield>
    <subfield code="y">BK</subfield>
    <subfield code="z">&#x54D;&#x57A;&#x561;&#x57D;&#x561;&#x580;&#x56F;&#x57E;&#x578;&#x582;&#x574; &#x567; &#x568;&#x576;&#x569;&#x565;&#x580;&#x581;&#x561;&#x57D;&#x580;&#x561;&#x570;</subfield>
  </datafield>
  <datafield tag="952" ind1=" " ind2=" ">
    <subfield code="0">0</subfield>
    <subfield code="1">0</subfield>
    <subfield code="2">udc</subfield>
    <subfield code="4">0</subfield>
    <subfield code="7">0</subfield>
    <subfield code="8">&#x533;&#x580;&#x561;&#x57A;&#x561;&#x570;&#x578;&#x581;</subfield>
    <subfield code="a">SEM</subfield>
    <subfield code="b">SEM</subfield>
    <subfield code="d">2014-11-16</subfield>
    <subfield code="g">900.00</subfield>
    <subfield code="i">22484</subfield>
    <subfield code="l">0</subfield>
    <subfield code="o">34(47.925)(09)/&#x54D;-17</subfield>
    <subfield code="p">22484</subfield>
    <subfield code="r">2014-11-16</subfield>
    <subfield code="w">2014-11-16</subfield>
    <subfield code="y">BK</subfield>
    <subfield code="z">&#x54D;&#x57A;&#x561;&#x57D;&#x561;&#x580;&#x56F;&#x57E;&#x578;&#x582;&#x574; &#x567; &#x568;&#x576;&#x569;&#x565;&#x580;&#x581;&#x561;&#x57D;&#x580;&#x561;&#x570;</subfield>
  </datafield>
  <datafield tag="952" ind1=" " ind2=" ">
    <subfield code="0">0</subfield>
    <subfield code="1">0</subfield>
    <subfield code="2">udc</subfield>
    <subfield code="4">0</subfield>
    <subfield code="7">0</subfield>
    <subfield code="8">&#x533;&#x580;&#x561;&#x57A;&#x561;&#x570;&#x578;&#x581;</subfield>
    <subfield code="a">SEM</subfield>
    <subfield code="b">SEM</subfield>
    <subfield code="d">2019-06-07</subfield>
    <subfield code="g">4000.00</subfield>
    <subfield code="i">27689</subfield>
    <subfield code="l">0</subfield>
    <subfield code="o">34(47.925)(09)/&#x54D;-17</subfield>
    <subfield code="p">27689</subfield>
    <subfield code="r">2019-06-07</subfield>
    <subfield code="w">2019-06-07</subfield>
    <subfield code="y">BK</subfield>
    <subfield code="z">&#x54D;&#x57A;&#x561;&#x57D;&#x561;&#x580;&#x56F;&#x57E;&#x578;&#x582;&#x574; &#x567; &#x568;&#x576;&#x569;&#x565;&#x580;&#x581;&#x561;&#x57D;&#x580;&#x561;&#x570;</subfield>
  </datafield>
</record>
